Datum a čas kvízu
38.5
Celkem bodů
Celkový počet nahraných bodů na tomto kvízu bez doplňovacích otázek.
4.
Pořadí na kvízu
Konečné umístění týmu na tomto kvízu.
Zaznamenané odpovědi
| # | Otázka | Odpověď | Body | Výsledky |
|---|---|---|---|---|
| 1. | Česká televize chtěla ve čtvrt... | Hamáčkův hlas zněl velmi hluboko. | 1 | |
| 2. | Rádio Svobodná Evropa se poprv... | Maďarsko | 1 | |
| 3. | Den po sobě, ve středu a ve čt... | Hugh Grant, Colin Firth | 1 | |
| 4. | Američtí biologové naklonovali... | Převalského | 0 | |
| 5. | Srbský tenista Novak Djoković... | Trefil mimo hru čárovou rozhodčí. | 1 | |
| 6. | Za celou historii udělování No... | Marie Curie-Skłodowská | 1 | |
| 7. | Pouze dvěma Čechům v historii... | Jaroslav Heyrovský, Jaroslav Seifert | 1 | |
| 8. | Dva laureáti Nobelovy ceny za... | Boris Pasternak, Jean-Paul Sartre | 0.5 | |
| 9. | Přiřaďte laureáty Nobelových c... | 1D 2C 3B 4A | 0 | |
| 10. | Vyberte nepravdivé tvrzení o p... | C | 1 |